| 000 | 01351nam a22003737a 4500 | ||
|---|---|---|---|
| 001 | 0008790 | ||
| 003 | KOHA_MİRAKIL | ||
| 005 | 20260207001648.0 | ||
| 007 | ta | ||
| 008 | 100419b2000 tu |||gr||||#||||0|tur | | ||
| 020 |
_a9751611687 _cTL15 |
||
| 040 |
_aTR-BiSEU _btur _cTR-BiSEU _erda |
||
| 041 | 0 | _atur | |
| 044 | _ctu | ||
| 050 |
_aLA941.5 _b.K88 2000 |
||
| 100 | 1 | _aKütükoğlu, Mübahat. | |
| 245 | 1 |
_aXX. Asra Erişen İstanbul Medreseleri/ _cMübahat Kütükoğlu ; Mübahat Kütükoğlu. |
|
| 264 | 1 |
_aAnkara : _bTürk Tarih Kurumu _c2000 |
|
| 300 | _aXXII, 390 sayfa: resimli,plan; 31 cm. | ||
| 336 |
_ametin _btxt _2rdacontent |
||
| 337 |
_aaracısız _bn _2rdamedia |
||
| 338 |
_acilt _bnc _2rdacarrier |
||
| 490 | 1 |
_aAtatürk Kültür,Dil ve Tarih Yüksek Kurumu Türk Tarih Kurumu Yayınları ; _vXXVII. |
|
| 490 | 1 | _adizi- sayı 4 | |
| 500 | _aKaynakça ve dizin var. | ||
| 650 | 0 |
_aMadrasahs-- Turkey--Istanbul--History. _922095 |
|
| 650 | 0 |
_aIslamic education-- Turkey--Istanbul-- History. _922096 |
|
| 650 | 0 |
_aMedreseler--Türkiye--İstanbul--Tarih. _922097 |
|
| 650 | 0 |
_aİslami Eğtim--Türkiye--İstanbul--Tarih. _922098 |
|
| 650 | 0 |
_a _95500 |
|
| 830 | 1 |
_aAtatürk Kültür,Dil ve Tarih Yüksek Kurumu Türk Tarih Kurumu Yayınları ; _vXXVII. _914135 |
|
| 830 | 1 |
_adizi- sayı 4 _922099 |
|
| 942 |
_2lcc _cBK |
||
| 999 |
_c8762 _d8762 |
||